Ewige Torschützenliste 3. Fußball Liga - Statistiken

Allgemein
  • Dieses Quiz wurde 75 mal gespielt
    25 seit der letzten Aktualisierung
  • Das Durchschnittsergebnis liegt bei 8 aus 25
Antwortstatistiken
Tore Verein Spieler % Korrekt
59 Dynamo Dresden Stefan Kutschke
77%
80 FC Ingolstadt Pascal Testroet
68%
136 Chemnitzer FC Anton Fink
59%
69 SV Darmstadt 98 Dominik Stroh-Engel
55%
62 Arminia Bielefeld Fabian Klos
55%
60 Waldhof Mannheim Terrence Boyd
50%
79 Erzgebirge Aue Marcel Bär
45%
62 FC Magdeburg Christian Beck
36%
72 Dynamo Dresden Manuel Schäffler
36%
69 FC Heidenheim Marc Schnatterer
32%
59 Energie Cottbus Timmy Thiele
32%
70 SV Sandhausen Dominic Baumann
27%
62 FSV Zwickau Ronny König
27%
75 Preußen Münster Adriano Grimaldi
23%
56 RW Erfurt Carsten Kammlott
23%
67 VfL Osnabrück Marc Heider
23%
60 Hansa Rostock Pascal Breier
23%
59 RW Erfurt Marcel Reichwein
18%
58 Karlsruher SC Marvin Pourie
18%
74 Hansa Rostock Marcel Ziemer
14%
55 SpVgg Unterhaching Mathias Fetsch
14%
69 Hansa Rostock Soufian Benyamina
14%
55 Dynamo Dresden Halil Savran
9%
55 MSV Duisburg Kingsley Onuegbu
9%
81 Wehen Wiesbaden Zlatko Janjic
9%
Keine übereinstimmenden Quizze gefunden
Verteilung der Resultate
Anzahl Personen mit jedem Resultat
Perzentil nach korrekt beantworteten Fragen
Ihre Resultats-Entwicklung
Sie haben dieses Quiz seit der letzten Aktualisierung nicht gespielt